| 000 | 02067nam a2200457 c 4500 | ||
|---|---|---|---|
| 003 | BLK | ||
| 005 | 20240430005252.0 | ||
| 008 | 180409b bul|||||r ||||||| ||bul|| | ||
| 010 | _aKNG00143224000 | ||
| 020 |
_a978-954-9489-33-0 _bиздат.: ДАР-РХ |
||
| 040 | _aBLK | ||
| 041 |
_aBUL _cBUL |
||
| 072 | 7 |
_2bullib _aЯ _xАвтографи |
|
| 072 | 7 |
_2bullib _aН82 _xЛитературознание Н |
|
| 080 |
_aБългарска литература _b821.163.2 _x(092) _z821.163.2(092) |
||
| 080 |
_aБългарска литература _b821.163.2 _x-1.09 _z821.163.2-1.09 |
||
| 080 |
_aБългарски поет _b929 Славейков, Пенчо Петков _x _z929 Славейков, Пенчо Петков |
||
| 100 | 1 |
_aДимитров, Николай Стойчев _eпърви автор _9265452 |
|
| 139 |
_aДимитров, Николай Стойчев _bС 42 |
||
| 245 | 1 | 0 |
_aПод сянката на кипарисите _bКн. за кн. "На острова на блажените" _cНиколай Стойчев Димитров. |
| 257 | _aBGR | ||
| 260 |
_аВ. Търново _bДАР-РХ _c2013 |
||
| 300 |
_a144 с. _c21 см |
||
| 380 | _a82 | ||
| 500 | _aБиблиогр. с. 133-142. | ||
| 600 | 0 |
_aСлавейков, Пенчо Петков _d1866-1912 _gПоет. Фолклорист. Преводач от немски и руски език. _9364367 |
|
| 650 | 4 |
_aСлавейков, Пенчо Петков _9364367 |
|
| 650 | 4 |
_aБългарска литература - критика _9241969 |
|
| 650 | 4 |
_aПоезия, българска - история и критика _9243651 |
|
| 653 | _aПенчо Славейков | ||
| 653 | _aбългарска литература | ||
| 653 | _aлитературна критика | ||
| 659 | _aН | ||
| 659 | _aЯ | ||
| 852 | _aЦб 259578 | ||
| 856 | 4 |
_qpdf _u |
|
| 856 | 4 |
_qpdf _u |
|
| 942 |
_cKNG _n0 |
||
| 944 |
_aCR _c29.05.2013 _lCRON CRON _k |
||
| 944 |
_aED _c05.07.2013 _lф / _k |
||
| 999 |
_c137258 _d137258 |
||